000 01830nam0a2200373 4500
001 RU\NLR\bibl\978039
005 20260405122213.0
010 _a5-98180-293-6
_9150
021 _aRU
_b2006-43661
_92181
035 _a(nilc)EL/0000072174
035 _aRU\LSL\TAT_B\2216
035 _aRU\LSL\Books\2502573
035 _a(NLR Aleph) 000965958
090 _a369122
_c369122
100 _a20060622d2005 |||y0rusy50 ca
101 0 _arus
102 _aRU
105 _ay |||||||||
200 1 _aМеждународное положение и внешняя политика Германии в конце XX - начале XXI вв.
_e[учеб. пособие]
_fР.Н. Имангалиев
_gКазан. гос. ун-т, Фак. междунар. отношений и политологии
210 _aКазань
_cКазан. гос. ун-т
_d2005
215 _a26 с.
_d21
313 _aСистематизация документа произведена по изданию - Библиотечно-библиографическая классификация: рабочие табл. для массовых б-к.- М.: Либерия, 1997.
320 _aБиблиогр.: с. 10-25
607 _aФедеративная Республика Германия
_jУчебные издания
_xВнешняя политика
_91669013
_3RU\NLR\auth\661038904
686 _aТ3(4Г)65-6я7
700 1 _4070
_8rus
_7ca
_aИмангалиев
_bР. Н.
_f1948-
_gРавиль Наурузгалиевич
_3RU\NLR\auth\7748088
_931023
801 0 _aRU
_bНБ Казанского ГУ
_c20030620
_gPSBO
801 1 _aRU
_bНБ Казанского ГУ
_c20060622
_gPSBO
801 2 _aRU
_bNLR
_c20060824
_grcr
830 _aавт. по кн.
942 _cBOOK
980 _aNB